| 000 | 00656cam a2200217 a 4500 | ||
|---|---|---|---|
| 001 | 000003151 | ||
| 003 | DO-SdBNP | ||
| 005 | 20251027134515.0 | ||
| 008 | 831209s1976 ve 000 0 spa c | ||
| 040 |
_aDO-SdBNP _bspa _cBNPHU |
||
| 082 |
_a987 _bP598c |
||
| 100 | 1 |
_aPicon Salas, Mariano, _d1901-1965. _99942 |
|
| 245 | 1 | 0 |
_aComprensión de Venezuela / _cMariano Picon Salas; prólogo, Guillermo Sucre. |
| 260 |
_aCaracas : _bMonte Avila, _c1976. |
||
| 300 |
_a238 p. ; _c16 cm. |
||
| 490 | 0 | _aEldorado | |
| 651 | 7 |
_aVenezuela _xCivilización _926230 _2LEMB |
|
| 700 | 1 |
_aSucre, Guillermo, _epról. _96249 |
|
| 830 | 0 |
_aEldorado _99944 |
|
| 942 |
_2ddc _cLBS1 |
||
| 999 |
_c2982 _d2982 |
||